| 000 | 00468nam a2200169Ia 4500 | ||
|---|---|---|---|
| 008 | 240729s9999 xx 000 0 und d | ||
| 022 | _a2633-1462 | ||
| 245 | 0 | _aBone & Joint Open | |
| 260 | _aUnited Kingdom | ||
| 260 | _bThe British Editorial Society of Bone & Joint Surgery | ||
| 650 | _a Orthopedic surgery | ||
| 650 | _a Surgery | ||
| 650 | _aMedicine | ||
| 856 | _uhttps://doaj.org/toc/9ede15780ba64174ac0a1d0b54454f47 | ||
| 942 | _2ddc | ||
| 942 | _cDOAJEJ | ||
| 999 |
_c68036 _d68036 |
||
| 945 |
_a1 _bMadushi Gamage _c1 _dMadushi Gamage |
||